Score 0/20 Timer 04:00
0 Plays Today
Event Missing Word % Correct
Fidel ____ becomes premier of CubaCastro
94.7%
Nelson ____ released from 27 years in prisonMandela
92%
Paul McCartney & Stevie ____ record 'Ebony & Ivory'Wonder
91%
Robert E. ____ named general-in-chief of the Confederate ArmyLee
89.5%
Iwo ____ invaded by United States troops during WWIIJima
86.4%
St. _____'s Day Massacre occurs, leaving 7 gangsters deadValentine
82.7%
____ Queen of Scots beheadedMary
82.6%
Harriet ____ is first black woman honored on a US postage stampTubman
81.2%
League of ____ holds first meetingNations
81%
Pope Pius V excommunicates Queen ____ IElizabeth
80.7%
Event Missing Word % Correct
Britain's Prince Charles announces engagement to Lady ____ SpencerDiana
76.5%
Richard Nixon becomes 1st US president to visit ____China
75.1%
Hank ____ becomes first baseball player to sign for $200,000 a yearAaron
73.5%
Wilt ____ sets NBA record with 34 free throw attemptsChamberlain
72.6%
The first ship passes through the ____ CanalSuez
72.5%
Thomas Edison receives patent for his invention of the ____, a device for recording and replaying soundPhonograph
54.1%
The film 'The ____' wins five Academy Awards and becomes first silent film to win since 1927Artist
43.2%
FDR, Churchill & Stalin meet at ____Yalta
37.1%
The Treaty of ____ ends the Seven Years WarParis
33.8%
Serbian police begin the offensive against the ____ Liberation ArmyKosovo
14.1%

Today's Daily Dose

Remove Ads.
Support Sporcle.
Get the best of Sporcle when you Go Orange. This ad-free experience offers more features, more stats, and more fun while also helping to support Sporcle. Thank you for becoming a member.

You're not logged in!

Compare scores with friends on all Sporcle quizzes.
OR
Log In

Show Comments

Extras

Top Quizzes Today


Score Distribution

Your Account Isn't Verified!

In order to create a playlist on Sporcle, you need to verify the email address you used during registration. Go to your Sporcle Settings to finish the process.

Report this User

Report this user for behavior that violates our Community Guidelines.

Details: